书目信息 |
| 题名: |
中国伦理学史
|
|
| 作者: | 蔡元培 著 | |
| 分册: | ||
| 出版信息: | 太原 山西人民出版社 2020.9 |
|
| 页数: | 304页 | |
| 开本: | 23cm | |
| 丛书名: | ||
| 单 册: | ||
| 中图分类: | B82-092 | |
| 科图分类: | ||
| 主题词: | 伦理学史--lun li xue shi--中国 | |
| 电子资源: | ||
| ISBN: | 978-7-203-11524-3 | |
| 000 | 01083nam0 2200241 450 | |
| 001 | 2158041614 | |
| 005 | 20211011172911.0 | |
| 010 | @a978-7-203-11524-3@dCNY58.00 | |
| 100 | @a20201104d2020 em y0chiy0120 ea | |
| 101 | 0 | @achi |
| 102 | @aCN@b140000 | |
| 105 | @ay z 000yy | |
| 106 | @ar | |
| 200 | 1 | @a中国伦理学史@Azhong guo lun li xue shi@e外一种@f蔡元培著 |
| 210 | @a太原@c山西人民出版社@d2020.9 | |
| 215 | @a304页@d23cm | |
| 330 | @a本书乃蔡元培先生精选作品。全书分两大部分:《中国伦理学史》是我国第一部系统整理和研究中国古代伦理思想发生、发展及变迁的学术著作。系统介绍了我国古代各个历史时期伦理学界重要的流派及主要代表人物,阐述了各家学说的要点、源流及发展,并以科学的方法辨析其优长及缺失,为我国近代伦理学的建构提供了重要指导与借鉴。“外一种”按时间顺序精选蔡元培先生的重要演讲辞40余篇,从中反映出作者的哲学观、人生观、教育思想等。有较高出版价值。 | |
| 517 | 1 | @a外一种@Awai yi zhong |
| 606 | 0 | @a伦理学史@Alun li xue shi@y中国 |
| 690 | @aB82-092@v5 | |
| 701 | 0 | @a蔡元培@Acai yuan pei@4著 |
| 801 | 0 | @aCN@b百万庄@c20211007 |
| 905 | @b1307121-24@dB82-092@e1876@f4 | |
| 中国伦理学史:外一种/蔡元培著.-太原:山西人民出版社,2020.9 |
| 304页;23cm |
| ISBN 978-7-203-11524-3:CNY58.00 |
| 本书乃蔡元培先生精选作品。全书分两大部分:《中国伦理学史》是我国第一部系统整理和研究中国古代伦理思想发生、发展及变迁的学术著作。系统介绍了我国古代各个历史时期伦理学界重要的流派及主要代表人物,阐述了各家学说的要点、源流及发展,并以科学的方法辨析其优长及缺失,为我国近代伦理学的建构提供了重要指导与借鉴。“外一种”按时间顺序精选蔡元培先生的重要演讲辞40余篇,从中反映出作者的哲学观、人生观、教育思想等。有较高出版价值。 |
| ● |
| 相关链接 |
|
|
|
|
正题名:中国伦理学史
索取号:B82-092/1876
 
预约/预借
| 序号 | 登录号 | 条形码 | 馆藏地/架位号 | 状态 | 备注 |
| 1 | 1307121 | 213071218 | 第一样本阅览室/ [索取号:B82-092/1876] | 在馆 | |
| 2 | 1307122 | 213071227 | 第一借阅区/ [索取号:B82-092/1876] | 在馆 | |
| 3 | 1307123 | 213071236 | 第一借阅区/ [索取号:B82-092/1876] | 在馆 | |
| 4 | 1307124 | 213071245 | 第一借阅区/ [索取号:B82-092/1876] | 在馆 |